00630 2200169 4500245004200000020002200042250001100064100001500075650001600090005001900106260003800125041001400163084000800177300002900185500023700214336000900451 aRumah Tanpa JendelacAsma NadiahText a978-602-0822-85-3 aCet. 1 aAsma Nadia aNovel Fiksi a20231003093801 aJakartabRepublika Penerbitc2017 aIndonesia a813 avi, 215 hlm. :c20.5 cm. aRara adalah gadis periang yang suka bermain. Ia dan teman-teman suka bermain di pinggir-pinggir jalan saat istirahat mengamen, di bawah derasnya hujan, juga di pekuburan tengah kota Jakarta yang menjadi lingkungan tempat tinggalnya. atext